000 00751nam a2200229Ia 4500
001 21713
005 20260407081547.0
008 260320s9999||||xx |||||||||||||| ||und||
022 _a20756305
041 _aESP
082 _aHR 344 JUN 2025
_bGPP
110 _aGaceta Jurídica
245 0 _aGaceta penal & procesal penal :
_binformación especializada para abogados, jueces y fiscales
260 _aLima :
_bGaceta Jurídica,
_c2025
300 _a247 páginas :
_c25 cm.
505 _aTomo 192 (2025)
650 _aCIS
653 _aDerecho - Revista
654 _aDER
856 _uhttps://www-gacetajuridica-com-pe.ucsp.lookproxy.com/productos/gaceta-penal-procesal-penal/revistas-digitales
_zVersión digital
942 _cREV
_dJUS
_fMAT
_2ddc
999 _c21713
_d21713